les 20 meilleurs cavaliers de cso en 2022 - Statistiques

Statistiques générales
  • Ce quiz a été pris 119 fois
  • Le résultat moyen est 4 sur 20
Statistiques - réponses
Hint Réponse % Correct
11 kevin staut
72%
3 julien epaillard
71%
12 simon delestre
60%
2 martin fuchs
40%
6 ben maher
29%
1 henrik von eckermann
29%
8 daniel deusser
17%
10 mclain ward
15%
13 jerome guery
14%
14 harry charles
13%
18 kent farringhton
13%
9 maikel van der vleuten
13%
7 marlon modolo zanotelli
11%
17 peder fredricson
10%
4 harrie smolders
7%
16 max kuhner
6%
5 conor swail
3%
15 shane sweetnam
3%
19 daniel bluman
1%
20 jur vrieling
0%
Aucun quiz correspondant
Distribution des résultats
% des personnes avec chaque résultat
Percentile par nombre de réponses
Votre historique - résultats
Vous n’avez pas pris ce quiz